000 00307nam a22001337a 4500
008 171016b xxu||||| |||| 00| 0 eng d
020 _a0393950948
041 _aeng
080 _a33
100 _a52
101 _aEKO
245 _aTHE REGULATED INDUSTRIES AND THE ECONOMY
_cMACAVOY,P.W
942 _2udc
_cBK
999 _c34149
_d34149